| Tag |
First Indicator |
Second Indicator |
Subfields |
| LEADER |
00000cam a2200000Ia 4500 |
| 001 |
in00002674313 |
| 005 |
20151202114003.0 |
| 008 |
100728s2010 flua b 100 0 eng d |
| 020 |
|
|
|a 9780415600408
|
| 020 |
|
|
|a 0415600405
|
| 035 |
|
|
|a (OCoLC)ocn651914963
|
| 040 |
|
|
|a BTCTA
|c BTCTA
|d YDX
|d BWK
|d UtOrBLW
|
| 049 |
|
|
|a TXAM
|
| 090 |
|
|
|a TA711.5
|b .I58 2009
|
| 111 |
2 |
|
|a International Workshop on Soil-Structure Interaction
|d (2009 :
|c Auckland, New Zealand)
|
| 245 |
1 |
0 |
|a Soil-foundation-structure Interaction :
|b selected papers from the International Workshop on Soil-Structure Interaction (SFSI 09), Auckland, New Zealand, 26-27 November 2009 /
|c editors: Rolando P. Orense, Nawawi Chouw & Michael J. Pender.
|
| 246 |
3 |
0 |
|a SFSI 09
|
| 264 |
|
1 |
|a Boca Raton, Fla. :
|b CRC Press,
|c [2010]
|
| 264 |
|
4 |
|c ©2010
|
| 300 |
|
|
|a xv, 241 pages :
|b illustrations ;
|c 26 cm.
|
| 336 |
|
|
|a text
|b txt
|2 rdacontent
|
| 337 |
|
|
|a unmediated
|b n
|2 rdamedia
|
| 338 |
|
|
|a volume
|b nc
|2 rdacarrier
|
| 504 |
|
|
|a Includes bibliographical references and index.
|
| 650 |
|
0 |
|a Soil-structure interaction
|v Congresses.
|
| 700 |
1 |
|
|a Orense, Rolando P.
|
| 700 |
1 |
|
|a Chouw, Nawawi.
|
| 700 |
1 |
|
|a Pender, Michael J.
|
| 710 |
2 |
|
|a University of Auckland.
|b Department of Civil and Environmental Engineering.
|
| 945 |
|
|
|a PromptCat
|b 195136
|
| 946 |
|
|
|a stk
|
| 947 |
|
|
|a A14840573684
|
| 948 |
|
|
|a cataloged
|b h
|c 2011/2/11
|d c
|e dmitchel
|f 12:50:40 pm
|
| 994 |
|
|
|a 92
|b TXA
|
| 999 |
|
|
|a MARS
|
| 999 |
f |
f |
|s ce1bbc44-853f-3fd8-88ab-e1e26a031137
|i 61289e47-a223-38f3-aa92-fb38c71eb793
|t 0
|
| 952 |
f |
f |
|p normal
|a Texas A&M University
|b College Station
|c Sterling C. Evans Library
|d Evans: Library Stacks
|t 0
|e TA711.5 .I58 2009
|h Library of Congress classification
|i unmediated -- volume
|m A14840573684
|
| 998 |
f |
f |
|a TA711.5 .I58 2009
|t 0
|l Evans: Library Stacks
|